000 02528cam a2200325 4500500
005 20251228065137.0
041 _afre
042 _adc
100 1 0 _aMolinier, Pascale
_eauthor
245 0 0 _aEt maintenance… que vais-je faire ? Incidences du progrès technique sur le travail des mécaniciens d'autobus
260 _c2003.
500 _a53
520 _aRésuméUne investigation réalisée auprès de l’encadrement d’un service de maintenance des autobus apporte quelques éléments de compréhension sur les incidences des transformations de l’objet technique en termes de dégradation des collectifs, érosion du plaisir dans le travail, perte de métier, déstabilisation identitaire, notamment sur le versant de l’identité masculine, exacerbation des conflits entre mécaniciens et machinistes, disparition du monde commun entre ancienne et nouvelle générations.
520 _aAn investigation carried out among the supervisory staff of a bus maintenance service provides some elements for understanding the consequences of the transformation of the technical subject in terms of action group deterioration, gradual loss of pleasure at work, loss of profession, identity destabilisation, namely on the masculine identity side, exacerbation of conflicts between mechanics and drivers, disappearance of the common world between the old an new generations.
520 _aResumenUna investigación realizada con los directores de un servicio de mantenimiento de autobuses aporta algunos elementos de comprensión sobre las incidencias de las transformaciones del objeto técnico en términos de degradación de los colectivos, erosión del placer en el trabajo, perdida del oficio, desestabilización identitaria, especialmente en lo que se refiere a la identidad masculina, exacerbación de los conflictos entre los mecánicos y los maquinistas, desaparición del mundo en común entre la antigua y la nueva generación.
690 _aculture ouvrière
690 _amaintenance
690 _areconnaissance
690 _astratégies de freinage
690 _atransports publics
690 _avirilité défensive
690 _aaknowledgement
690 _abraking strategies
690 _adefensive virility
690 _amaintenance
690 _apublic transports
690 _aworking class culture
786 0 _nTravailler | 10 | 2 | 2003-09-01 | p. 129-151 | 1620-5340
856 4 1 _uhttps://shs.cairn.info/revue-travailler-2003-2-page-129?lang=fr&redirect-ssocas=7080
999 _c1590841
_d1590841